[Event "Campeonato de España Individual 2013"]
[Site "Linares ESP"]
[Date "2013.09.02"]
[Round "5.11"]
[White "Navarrete Espi, Samuel"]
[Black "Teran Alvarez, Ismael"]
[Result "0-1"]
[WhiteElo "2214"]
[BlackElo "2422"]
[PlyCount "104"]
[EventDate "2013.08.29"]
[EventType "swiss"]
[EventRounds "9"]
[EventCountry "ESP"]
[Source "lmi"]
[SourceDate "2013.08.28"]

1. e4 c5 2. Nf3 Nc6 3. d4 cxd4 4. Nxd4 e5 5. Nb5 d6 6. c4 Be7 7. N1c3 a6 8. Na3
Be6 9. Nc2 Nf6 10. Be2 O-O 11. O-O Rc8 12. Nd5 Nxe4 13. Be3 Bxd5 14. cxd5 Nb8
15. Bg4 Nd7 16. Bf5 Nef6 17. f4 exf4 18. Bxf4 Rc5 19. Ne3 Ne5 20. b4 Rb5 21.
Qd4 Nh5 22. a4 Nxf4 23. Rxf4 Bf6 24. axb5 Ng6 25. Qc4 Bxa1 26. Bxg6 hxg6 27.
bxa6 Qb6 28. Qe4 Be5 29. Rf3 f5 30. Qc4 Bd4 31. Qd3 f4 32. Qxg6 Bxe3+ 33. Kh1
Qc7 34. Qe6+ Qf7 35. axb7 Qxe6 36. dxe6 Rb8 37. g3 Rxb7 38. gxf4 Bd2 39. f5
Bxb4 40. Rb3 Kf8 41. Kg2 Rb6 42. Kf3 Bc5 43. Rxb6 Bxb6 44. Ke4 Ke7 45. Kd5 Bf2
46. Kc6 Be1 47. Kd5 Bb4 48. h4 Kf6 49. h5 Ba3 50. Kc6 d5 51. Kxd5 Kxf5 52. Kd4
Kg5 0-1

[Event "Campeonato de España Individual 2013"]
[Site "Linares ESP"]
[Date "2013.09.02"]
[Round "5.12"]
[White "Silva Rodriguez, Julio"]
[Black "Espinosa Aranda, Angel"]
[Result "0-1"]
[WhiteElo "2198"]
[BlackElo "2392"]
[PlyCount "68"]
[EventDate "2013.08.29"]
[EventType "swiss"]
[EventRounds "9"]
[EventCountry "ESP"]
[Source "lmi"]
[SourceDate "2013.08.28"]

1. e4 c5 2. Nf3 Nc6 3. d4 cxd4 4. Nxd4 g6 5. Nc3 Bg7 6. Nb3 d6 7. Be2 Nf6 8.
Be3 O-O 9. O-O Be6 10. f4 Qc8 11. Kh1 Rd8 12. Bd3 Nb4 13. Nd4 Bg4 14. Qd2 e5
15. Nf3 Bxf3 16. Rxf3 d5 17. exd5 Nxd3 18. Qxd3 e4 19. Nxe4 Nxd5 20. Qb3 Qf5
21. Ng3 Qf6 22. c3 Nxe3 23. Rxe3 Bf8 24. f5 Qb6 25. fxg6 hxg6 26. Re2 Qxb3 27.
axb3 a6 28. Ne4 Rd3 29. g3 Rad8 30. Kg2 Kg7 31. Rae1 R3d5 32. Rf1 Re5 33. Rff2
Rde8 34. Kf1 Rxe4 0-1

[Event "Campeonato de España Individual 2013"]
[Site "Linares ESP"]
[Date "2013.09.02"]
[Round "5.20"]
[White "Alvarez Fernandez, Enrique"]
[Black "Vega Gutierrez, Belinda"]
[Result "1-0"]
[WhiteElo "2385"]
[BlackElo "2148"]
[PlyCount "79"]
[EventDate "2013.08.29"]
[EventType "swiss"]
[EventRounds "9"]
[EventCountry "ESP"]
[Source "lmi"]
[SourceDate "2013.08.28"]

1. d4 d5 2. Nf3 Nf6 3. Bf4 Bf5 4. c4 c6 5. e3 e6 6. Nc3 Be7 7. Qb3 Qc8 8. h3
O-O 9. Be2 Ne4 10. O-O Nd7 11. Rfc1 Nxc3 12. bxc3 dxc4 13. Bxc4 Rd8 14. e4 Bg6
15. Re1 Nb6 16. Bf1 c5 17. a4 Nd7 18. a5 Nf6 19. Bg5 Qc7 20. d5 exd5 21. exd5
Nxd5 22. Bc4 Bxg5 23. Nxg5 Nf6 24. Nf3 Bd3 25. Ne5 Bxc4 26. Qxc4 Re8 27. f4
Rad8 28. Ra2 h6 29. Rb2 b6 30. Reb1 Re6 31. axb6 axb6 32. Ra1 Nd7 33. Nxf7 Kxf7
34. f5 Qe5 35. fxe6+ Qxe6 36. Rf2+ Ke7 37. Re2 Ne5 38. Qxe6+ Kxe6 39. Rae1 Rd5
40. Ra1 1-0

[Event "Campeonato de España Individual 2013"]
[Site "Linares ESP"]
[Date "2013.09.02"]
[Round "5.21"]
[White "Vella Ramirez, Alfonso"]
[Black "Chueca Forcen, Alberto"]
[Result "0-1"]
[WhiteElo "2087"]
[BlackElo "2313"]
[PlyCount "40"]
[EventDate "2013.08.29"]
[EventType "swiss"]
[EventRounds "9"]
[EventCountry "ESP"]
[Source "lmi"]
[SourceDate "2013.08.28"]

1. f4 g6 2. Nf3 d5 3. e3 Bg7 4. Be2 Nf6 5. O-O O-O 6. d3 b6 7. Qe1 c5 8. Ne5
Bb7 9. b3 Nfd7 10. Bb2 Nxe5 11. Bxe5 Bxe5 12. fxe5 Nc6 13. Qg3 Qb8 14. e6 fxe6
15. Rxf8+ Kxf8 16. Qh3 Qe5 17. c3 Kg7 18. Bg4 Rf8 19. d4 cxd4 20. exd4 Nb8 0-1

[Event "Campeonato de España Individual 2013"]
[Site "Linares ESP"]
[Date "2013.09.02"]
[Round "5.25"]
[White "Jimenez De La Torre, Jose A"]
[Black "Quintin Navarro, Alberto"]
[Result "1/2-1/2"]
[WhiteElo "2038"]
[BlackElo "2241"]
[PlyCount "141"]
[EventDate "2013.08.29"]
[EventType "swiss"]
[EventRounds "9"]
[EventCountry "ESP"]
[Source "lmi"]
[SourceDate "2013.08.28"]

1. e4 c5 2. Nf3 g6 3. c4 Bg7 4. d4 cxd4 5. Nxd4 Nc6 6. Be3 Nf6 7. Nc3 O-O 8.
Be2 d6 9. O-O Bd7 10. f4 Nxd4 11. Bxd4 Bc6 12. f5 Nd7 13. Bxg7 Kxg7 14. Qd4+
Kg8 15. b4 b6 16. Rf2 a5 17. b5 Bb7 18. Raf1 Qc7 19. Qd2 Qc5 20. Kh1 Qe5 21.
Kg1 Bc6 22. Nd5 Bxd5 23. exd5 Rac8 24. fxg6 hxg6 25. Bg4 f5 26. Qg5 Qg7 27. Be2
Rf7 28. g4 Rcf8 29. Qe3 fxg4 30. Rxf7 Rxf7 31. Rxf7 Qxf7 32. Bxg4 Nc5 33. Be6
Nxe6 34. dxe6 Qf5 35. Qxb6 Qb1+ 36. Kg2 Qxa2+ 37. Qf2 Qxc4 38. Qf7+ Kh8 39.
Qf8+ Kh7 40. Qxe7+ Kh6 41. Qf8+ Kg5 42. Qxd6 Qe2+ 43. Kg1 a4 44. e7 Qxb5 45.
Qd8 Qc5+ 46. Kf1 Qc4+ 47. Kf2 Qf4+ 48. Kg2 Qg4+ 49. Kf2 Qf4+ 50. Kg2 Qe4+ 51.
Kf2 Qc2+ 52. Ke3 Qc1+ 53. Kd4 Qd2+ 54. Kc5 Qc3+ 55. Kd6 Qd3+ 56. Kc6 Qc4+ 57.
Kd7 Qd5+ 58. Kc7 Qc5+ 59. Kd7 Qf5+ 60. Kc7 Qf7 61. Kc8 Qe6+ 62. Qd7 Qa6+ 63.
Kd8 Qa8+ 64. Kc7 Qa7+ 65. Kc8 Qa6+ 66. Qb7 Qe6+ 67. Kd8 Qd6+ 68. Kc8 Qe6+ 69.
Kd8 Qd6+ 70. Kc8 Qe6+ 71. Kd8 1/2-1/2

[Event "Campeonato de España Individual 2013"]
[Site "Linares ESP"]
[Date "2013.09.03"]
[Round "6.4"]
[White "Illescas Cordoba, Miguel"]
[Black "Astasio Lopez, David"]
[Result "1-0"]
[WhiteElo "2608"]
[BlackElo "2392"]
[PlyCount "53"]
[EventDate "2013.08.29"]
[EventType "swiss"]
[EventRounds "9"]
[EventCountry "ESP"]
[Source "lmi"]
[SourceDate "2013.08.28"]

1. e4 c5 2. Nf3 e6 3. d4 cxd4 4. Nxd4 Nc6 5. Nc3 Qc7 6. g3 a6 7. Bg2 Nge7 8.
Nb3 Ng6 9. f4 Be7 10. Be3 b6 11. h4 d6 12. h5 Nf8 13. h6 g6 14. Nd4 Bb7 15.
Nxc6 Bxc6 16. Qd4 Rg8 17. Qg7 O-O-O 18. Qxg8 Bf6 19. O-O g5 20. fxg5 Ng6 21.
Qxh7 Rh8 22. Qxg6 fxg6 23. Rxf6 d5 24. exd5 Bxd5 25. Nxd5 exd5 26. Bh3+ Kb7 27.
Rxb6+ 1-0

[Event "Campeonato de España Individual 2013"]
[Site "Linares ESP"]
[Date "2013.09.03"]
[Round "6.19"]
[White "Andres Gonzalez, Ivan"]
[Black "Gavilan Diaz, Mario"]
[Result "1-0"]
[WhiteElo "2311"]
[BlackElo "2225"]
[PlyCount "75"]
[EventDate "2013.08.29"]
[EventType "swiss"]
[EventRounds "9"]
[EventCountry "ESP"]
[Source "lmi"]
[SourceDate "2013.08.28"]

1. c4 e5 2. Nc3 Nf6 3. g3 d5 4. cxd5 Nxd5 5. Bg2 Nb6 6. Nf3 Nc6 7. O-O Be7 8.
Rb1 f6 9. d4 exd4 10. Nb5 Bf5 11. Bf4 Rc8 12. Rc1 d3 13. exd3 a6 14. Rxc6 axb5
15. Rc1 c6 16. Nh4 Be6 17. Re1 Qd7 18. Qh5+ Kf8 19. Ng6+ hxg6 20. Qxh8+ Kf7 21.
Qh7 Rg8 22. Be4 f5 23. Bf3 Nd5 24. Re2 Nxf4 25. gxf4 Bxa2 26. Qh3 Qd4 27. Bg2
Qxf4 28. Ra1 Bb3 29. Re3 Bf6 30. d4 Be6 31. Rxe6 Bxd4 32. Re2 Rd8 33. Qb3+ Kf8
34. Qg3 Qh6 35. Qc7 Bf6 36. Qxb7 Qf4 37. Qxc6 b4 38. Bf1 1-0

[Event "Campeonato de España Individual 2013"]
[Site "Linares ESP"]
[Date "2013.09.04"]
[Round "7.4"]
[White "Rioboo De Larriva, Alvaro"]
[Black "Anton Guijarro, David"]
[Result "0-1"]
[WhiteElo "2247"]
[BlackElo "2570"]
[PlyCount "94"]
[EventDate "2013.08.29"]
[EventType "swiss"]
[EventRounds "9"]
[EventCountry "ESP"]
[Source "lmi"]
[SourceDate "2013.08.28"]

1. c4 e5 2. Nc3 Nc6 3. g3 Bc5 4. Bg2 a6 5. a3 Ba7 6. b4 d6 7. Nf3 Nge7 8. d3
O-O 9. O-O Rb8 10. Rb1 b5 11. e3 h6 12. Qe2 Bg4 13. Bd2 Qd7 14. Rfc1 Rfe8 15.
cxb5 axb5 16. Qf1 d5 17. a4 Bxf3 18. Bxf3 bxa4 19. Nxa4 e4 20. Bd1 Ne5 21. d4
Nd3 22. Rc3 Nxb4 23. Nb2 Qd6 24. Ra1 Nbc6 25. Na4 Nxd4 26. exd4 Bxd4 27. Rac1
Bxc3 28. Nxc3 Qa3 29. Nb5 Qb2 30. Nxc7 Qxd2 31. Rc2 Qd4 32. Nxe8 Rxe8 33. Rc7
Ng6 34. Be2 Ne5 35. Qc1 Re6 36. Rc8+ Kh7 37. Qe3 Qb4 38. Rd8 Rd6 39. Rxd6 Qxd6
40. Kg2 Nd7 41. f3 Qe5 42. Qa7 Qb2 43. Kf1 Ne5 44. f4 Qb1+ 45. Kg2 Qc2 46. Kf1
Nf3 47. Qxf7 Nd4 0-1

[Event "Campeonato de España Individual 2013"]
[Site "Linares ESP"]
[Date "2013.09.04"]
[Round "7.14"]
[White "Gonzalez De La Torre, Santiago"]
[Black "Romero Berruezo, Francisco"]
[Result "1/2-1/2"]
[WhiteElo "2472"]
[BlackElo "2154"]
[PlyCount "131"]
[EventDate "2013.08.29"]
[EventType "swiss"]
[EventRounds "9"]
[EventCountry "ESP"]
[Source "lmi"]
[SourceDate "2013.08.28"]

1. e4 c5 2. Nf3 e6 3. d4 cxd4 4. Nxd4 a6 5. Nc3 b5 6. Bd3 Qb6 7. Nb3 Qc7 8. O-O
d6 9. Bd2 Nf6 10. a4 b4 11. Na2 d5 12. exd5 Nxd5 13. c4 Nf6 14. Nxb4 Bd6 15. h3
Bb7 16. c5 Bh2+ 17. Kh1 Bf4 18. Rc1 Bxd2 19. Nxd2 Nc6 20. Nxc6 Qxc6 21. Nf3 O-O
22. b4 Rfd8 23. Qb3 Rxd3 24. Qxd3 Qxa4 25. Ra1 Qc6 26. Qd6 Qxd6 27. cxd6 Rd8
28. b5 axb5 29. Ne5 Rxd6 30. Ra7 Bd5 31. Rc1 Rd8 32. Rcc7 b4 33. Rxf7 Ne8 34.
Rf4 b3 35. Rb4 Rc8 36. Kh2 Nd6 37. g4 g5 38. h4 gxh4 39. Kh3 Rf8 40. f4 b2 41.
Rxb2 Rxf4 42. Kxh4 Nf7 43. Rb8+ Kg7 44. Rc8 Be4 45. Nxf7 Rxf7 46. Rxf7+ Kxf7
47. Kg5 e5 48. Rc4 Bg6 49. Rc6 e4 50. Kf4 Ke7 51. Ke5 Kd7 52. Rd6+ Ke7 53. g5
e3 54. Re6+ Kf7 55. Kd6 Bh5 56. Rxe3 Kg6 57. Rg3 h6 58. gxh6+ Kxh6 59. Ke6 Kh7
60. Kf6 Bd1 61. Rg7+ Kh8 62. Kg6 Bc2+ 63. Kh6 Bb3 64. Rb7 Bg8 65. Kg6 Ba2 66.
Rb8+ 1/2-1/2

[Event "Campeonato de España Individual 2013"]
[Site "Linares ESP"]
[Date "2013.09.04"]
[Round "7.21"]
[White "Alvarez Fernandez, Enrique"]
[Black "Arboledas Fernandez, Antonio A"]
[Result "1/2-1/2"]
[WhiteElo "2385"]
[BlackElo "2149"]
[PlyCount "101"]
[EventDate "2013.08.29"]
[EventType "swiss"]
[EventRounds "9"]
[EventCountry "ESP"]
[Source "lmi"]
[SourceDate "2013.08.28"]

1. d4 e6 2. Nf3 Nf6 3. Bf4 c5 4. e3 d5 5. c3 Nc6 6. Nbd2 Bd6 7. Bg3 O-O 8. Bd3
Re8 9. Ne5 Bf8 10. f4 g6 11. Bh4 cxd4 12. exd4 Be7 13. O-O Nd7 14. Bxe7 Qxe7
15. Bb5 Ndb8 16. Qa4 Qc7 17. Nb3 f6 18. Ng4 Kg7 19. Nc5 h5 20. Ne3 Nd7 21. Nd3
a6 22. Bxc6 bxc6 23. Rae1 a5 24. Rf2 Ba6 25. Qd1 Bxd3 26. Qxd3 f5 27. Nf1 Nf6
28. Nd2 Rab8 29. b3 c5 30. c4 Ne4 31. Nxe4 dxe4 32. Qc3 cxd4 33. Qxd4+ e5 34.
Qb2 Rbd8 35. fxe5 Qxe5 36. Qxe5+ Rxe5 37. Rc2 Rc5 38. Ree2 Kf6 39. Red2 Rxd2
40. Rxd2 Ke5 41. Rd8 f4 42. Kf2 a4 43. Ra8 axb3 44. axb3 Kd4 45. g3 g5 46. Rd8+
Kc3 47. Rd5 Kb4 48. h4 gxh4 49. gxf4 Rxd5 50. cxd5 Kc5 51. b4+ 1/2-1/2

[Event "Campeonato de España Individual 2013"]
[Site "Linares ESP"]
[Date "2013.09.04"]
[Round "7.23"]
[White "De Prado Rodriguez, Oscar Bruno"]
[Black "Vega Gutierrez, Belinda"]
[Result "0-1"]
[WhiteElo "2251"]
[BlackElo "2148"]
[PlyCount "199"]
[EventDate "2013.08.29"]
[EventType "swiss"]
[EventRounds "9"]
[EventCountry "ESP"]
[Source "lmi"]
[SourceDate "2013.08.28"]

1. d4 d5 2. Bf4 Nf6 3. e3 Bf5 4. c4 c6 5. Nc3 e6 6. Qb3 Qc8 7. Rc1 Be7 8. cxd5
Nxd5 9. Bxb8 Rxb8 10. e4 Nxc3 11. exf5 Nd5 12. Bc4 O-O 13. Ne2 Rd8 14. O-O Bg5
15. f4 Bf6 16. fxe6 Qxe6 17. Kh1 Qd7 18. Rcd1 Nb6 19. Bd3 Re8 20. a4 Nd5 21.
Rf3 a5 22. Bc4 Nb4 23. h3 Re4 24. d5 cxd5 25. Ng3 Rd4 26. Rxd4 Bxd4 27. Bb5 Qc7
28. Nf5 Qc1+ 29. Rf1 Qxb2 30. Qg3 Bf6 31. Nh6+ Kf8 32. Ng4 Rc8 33. f5 h5 34.
Ne3 Qe5 35. Qf3 Rc3 36. Qxh5 Qxe3 37. Qh8+ Ke7 38. Qe8+ Kd6 39. Qd7+ Kc5 40.
Qc7+ Kd4 41. Rf4+ Qe4 42. Qb6+ Ke5 43. Rxe4+ Kxe4 44. Qf2 Nc2 45. Be2 Ne3 46.
Qf3+ Kd4 47. Qf4+ Kc5 48. g4 Bd4 49. Qc7+ Kb4 50. Qxb7+ Ka3 51. Qb1 Rc2 52. Bd1
Rc3 53. Qa1+ Kb4 54. Qb2+ Kc5 55. Bf3 Be5 56. h4 f6 57. g5 Rc2 58. Qb5+ Kd4 59.
Qb6+ Kd3 60. Qb5+ Kd4 61. Qb6+ Kd3 62. Qb1 Kd2 63. gxf6 gxf6 64. h5 Bf4 65. h6
Bxh6 66. Kh2 Bf4+ 67. Kh3 Kc3 68. Qe1+ Kd3 69. Qb1 Kc3 70. Qe1+ Kd3 71. Qb1 Kc3
72. Qe1+ Kd3 73. Qb1 Kd4 74. Qb6+ Ke5 75. Qe6+ Kd4 76. Qb6+ Ke5 77. Qe6+ Kd4
78. Qxf6+ Kc5 79. Qe7+ Kb6 80. Qd8+ Ka6 81. Qf6+ Kb7 82. Bxd5+ Nxd5 83. Qd4 Rd2
84. Qg7+ Kc6 85. Qg6+ Kc5 86. Qa6 Kd4 87. f6 Ke4 88. Qe6+ Be5 89. Qc8 Rh2+ 90.
Kg4 Nxf6+ 91. Kg5 Rg2+ 92. Kh4 Nd5 93. Qc4+ Bd4 94. Qf1 Ne3 95. Qb1+ Kf4 96.
Kh5 Rg8 97. Qb5 Be5 98. Qe2 Rg5+ 99. Kh4 Rg2 100. Qd1 0-1

[Event "Campeonato de España Individual 2013"]
[Site "Linares ESP"]
[Date "2013.09.06"]
[Round "9.14"]
[White "Matnadze, Ana"]
[Black "Aranaz Murillo, Amalia"]
[Result "1-0"]
[PlyCount "49"]
[EventDate "2013.08.29"]
[EventType "swiss"]
[EventRounds "9"]
[EventCountry "ESP"]
[Source "lmi"]
[SourceDate "2013.08.28"]
[WhiteElo "2390"]
[BlackElo "2246"]

1. d4 Nf6 2. g3 c5 3. c3 cxd4 4. cxd4 d5 5. Bg2 Nc6 6. Nc3 Bf5 7. Nf3 e6 8. O-O
Bd6 9. Nh4 Bg4 10. Be3 O-O 11. f4 Bh5 12. h3 Bg6 13. Nxg6 hxg6 14. Bf2 Rc8 15.
Bf3 Nd7 16. h4 f5 17. Kg2 Nf6 18. Rh1 Be7 19. e3 Na5 20. g4 Nxg4 21. Bxg4 fxg4
22. Qxg4 Rf6 23. h5 Nc4 24. hxg6 Bb4 25. Qh5 1-0

[Event "Campeonato de España Individual 2013"]
[Site "Linares ESP"]
[Date "2013.09.06"]
[Round "9.16"]
[White "Sanchez Aller, Fernando"]
[Black "Romero Berruezo, Francisco"]
[Result "1-0"]
[PlyCount "51"]
[EventDate "2013.08.29"]
[EventType "swiss"]
[EventRounds "9"]
[EventCountry "ESP"]
[Source "lmi"]
[SourceDate "2013.08.28"]
[WhiteElo "2320"]
[BlackElo "2154"]

1. e4 c5 2. Nc3 e6 3. Nf3 a6 4. d4 cxd4 5. Nxd4 b5 6. g3 Bb7 7. Bg2 Ne7 8. O-O
Nbc6 9. e5 Ng6 10. Nxc6 Bxc6 11. Bxc6 dxc6 12. Qe2 Qd4 13. Re1 Be7 14. h4 h5
15. Qf3 Rc8 16. Re4 Qb6 17. Bf4 c5 18. Ree1 Qc6 19. Ne4 f5 20. exf6 gxf6 21.
Rad1 Kf7 22. Bd6 f5 23. Bxe7 Kxe7 24. Ng5 Rhd8 25. Qxf5 Rxd1 26. Qf7+ 1-0

[Event "Campeonato de España Individual 2013"]
[Site "Linares ESP"]
[Date "2013.09.06"]
[Round "9.19"]
[White "Santos Ruiz, Miguel"]
[Black "Shen, Yue"]
[Result "1/2-1/2"]
[PlyCount "62"]
[EventDate "2013.08.29"]
[EventType "swiss"]
[EventRounds "9"]
[EventCountry "ESP"]
[Source "lmi"]
[SourceDate "2013.08.28"]
[WhiteElo "2239"]
[BlackElo "2283"]

1. e4 c5 2. Nf3 Nc6 3. d4 cxd4 4. Nxd4 g6 5. c4 Bg7 6. Be3 Nf6 7. Nc3 d6 8. Be2
O-O 9. O-O Bd7 10. Qd2 Nxd4 11. Bxd4 Bc6 12. f3 a5 13. b3 Nd7 14. Be3 Nc5 15.
Rab1 Qb6 16. Rfc1 Rfc8 17. Rc2 Qd8 18. Nd5 Bxd5 19. cxd5 Qb6 20. Bxc5 Rxc5 21.
Kh1 Rac8 22. Rbc1 Rxc2 23. Rxc2 Rc5 24. Rxc5 Qxc5 25. Bd1 Qd4 26. Qxd4 Bxd4 27.
g3 g5 28. Kg2 Be3 29. Kf1 Kg7 30. Ke2 Bg1 31. Kf1 Bc5 1/2-1/2